Arab media in the information age / (Record no. 21262)
[ view plain ]
| 000 -LEADER | |
|---|---|
| fixed length control field | 01788cam a22003615a 4500 |
| 001 - CONTROL NUMBER | |
| control field | 14860908 |
| 005 - DATE AND TIME OF LATEST TRANSACTION | |
| control field | 20160228123310.0 |
| 008 - FIXED-LENGTH DATA ELEMENTS--GENERAL INFORMATION | |
| fixed length control field | 070523s2006 ts frb i001 0 eng d |
| 010 ## - LIBRARY OF CONGRESS CONTROL NUMBER | |
| LC control number | 2007410377 |
| 020 ## - INTERNATIONAL STANDARD BOOK NUMBER | |
| International Standard Book Number | 9948008197 (hdbk.) |
| 020 ## - INTERNATIONAL STANDARD BOOK NUMBER | |
| International Standard Book Number | 9948008189 (pbk.) |
| 020 ## - INTERNATIONAL STANDARD BOOK NUMBER | |
| International Standard Book Number | 9789948008187 (pbk.) |
| 040 ## - CATALOGING SOURCE | |
| Original cataloging agency | EAU |
| Language of cataloging | eng |
| Transcribing agency | EAU |
| Modifying agency | YDXCP |
| -- | IXA |
| -- | BAKER |
| -- | NNU |
| -- | DLC |
| -- | EG-ScBUE |
| 043 ## - GEOGRAPHIC AREA CODE | |
| Geographic area code | ma----- |
| -- | a-ts--- |
| 082 04 - DEWEY DECIMAL CLASSIFICATION NUMBER | |
| Classification number | 302.2309174927 |
| Item number | ARA |
| Edition number | 22 |
| 245 00 - TITLE STATEMENT | |
| Title | Arab media in the information age / |
| Statement of responsibility, etc | The Emirates Center for Strategic Studies and Research. |
| 250 ## - EDITION STATEMENT | |
| Edition statement | 1st. ed. |
| 260 ## - PUBLICATION, DISTRIBUTION, ETC. (IMPRINT) | |
| Place of publication, distribution, etc | Abu Dhabi : |
| Name of publisher, distributor, etc | The Emirates Center for Strategic Studies and Research, |
| Date of publication, distribution, etc | 2006. |
| 300 ## - PHYSICAL DESCRIPTION | |
| Extent | xvi, 709 p. ; |
| Dimensions | 24 cm. |
| 500 ## - GENERAL NOTE | |
| General note | Papers from the 10th ECSSR Annual Conference, Abu Dhabi, January 9-11, 2005. |
| 500 ## - GENERAL NOTE | |
| General note | Index : p. 689-709. |
| 504 ## - BIBLIOGRAPHY, ETC. NOTE | |
| Bibliography, etc | Bibliography : p. 611-687. |
| 520 ## - SUMMARY, ETC. | |
| Summary, etc | Examining the Arab media's influence in shaping Arab public opinion and the western perspectives of the Arab world, this book addresses important questions such as: What is the relationship between media independence and credibility? To what extent do commercial interests and political influence affect Arab media? And more. |
| 650 #0 - SUBJECT ADDED ENTRY--TOPICAL TERM | |
| Topical term or geographic name as entry element | Mass media |
| Geographic subdivision | Arab countries. |
| Source of heading or term | BUEsh |
| 650 #0 - SUBJECT ADDED ENTRY--TOPICAL TERM | |
| Topical term or geographic name as entry element | Mass media |
| Geographic subdivision | United Arab Emirates. |
| Source of heading or term | BUEsh |
| 650 #0 - SUBJECT ADDED ENTRY--TOPICAL TERM | |
| Topical term or geographic name as entry element | Mass media and public opinion |
| Geographic subdivision | Arab countries. |
| Source of heading or term | BUEsh |
| 650 #0 - SUBJECT ADDED ENTRY--TOPICAL TERM | |
| Topical term or geographic name as entry element | Mass media and public opinion |
| Geographic subdivision | United Arab Emirates. |
| Source of heading or term | BUEsh |
| 651 ## - SUBJECT ADDED ENTRY--GEOGRAPHIC NAME | |
| Source of heading or term | BUEsh |
| 653 ## - INDEX TERM--UNCONTROLLED | |
| Resource For college | Communication and mass media |
| Arrived date list | February2016 |
| 710 2# - ADDED ENTRY--CORPORATE NAME | |
| Corporate name or jurisdiction name as entry element | Markaz al-Imārāt lil-Dirāsāt wa-al-Buḥūth al-Istirātījīyah. |
| Subordinate unit | Annual Conference |
| Number of part/section/meeting | (10th : |
| Date of meeting or treaty signing | 2005 : |
| Location of meeting | Abu Dhabi, United Arab Emirates) |
| 710 2# - ADDED ENTRY--CORPORATE NAME | |
| Corporate name or jurisdiction name as entry element | Markaz al-Imārāt lil-Dirāsāt wa-al-Buḥūth al-Istirātījīyah. |
| 942 ## - ADDED ENTRY ELEMENTS (KOHA) | |
| Source of classification or shelving scheme | Dewey Decimal Classification |
| Withdrawn status | Item status | Source of classification or shelving scheme | Damaged status | Not for loan | Vendor | Home library | Current library | Shelving location | Date acquired | Source of acquisition | Cost, normal purchase price | Serial Enumeration / chronology | Total Checkouts | Full call number | Barcode | Date last seen | Date last borrowed | Cost, replacement price | Koha item type |
|---|---|---|---|---|---|---|---|---|---|---|---|---|---|---|---|---|---|---|---|
| Dewey Decimal Classification | Central Library | Central Library | First floor | 28/02/2016 | Purchase | 160.00 | 13733 | 2 | 302.2309174927 ARA | 000031713 | 15/07/2025 | 06/08/2018 | 200.00 | Book - Borrowing |